| 000 | 00820cam a2200277 4500500 | ||
|---|---|---|---|
| 005 | 20260405003805.0 | ||
| 041 | _afre | ||
| 042 | _adc | ||
| 100 | 1 | 0 |
_aPépin, Charles _eauthor |
| 245 | 0 | 0 | _a« La femme de mon meilleur ami le trompe, dois-je lui dire ? » Charles Pépin répond à vos dilemmes |
| 260 | _c2023. | ||
| 500 | _a96 | ||
| 690 | _aAdultère | ||
| 690 | _aBonheur | ||
| 690 | _aCharles Pépin | ||
| 690 | _aDécision | ||
| 690 | _aDilemme | ||
| 690 | _aDilemme moral | ||
| 690 | _aMariage | ||
| 690 | _aMensonge | ||
| 690 | _aMorale | ||
| 690 | _aTrahison | ||
| 690 | _aVérité | ||
| 786 | 0 | _nPhilosophie magazine | 174 | 11 | 2023-11-01 | p. 18-18 | 1951-1787 | |
| 856 | 4 | 1 | _uhttps://shs.cairn.info/magazine-philosophie-magazine-2023-11-page-18?lang=fr&redirect-ssocas=7080 |
| 999 |
_c2070842 _d2070842 |
||